THE DECLINE OF THE WEST (Record no. 332246)

000 -LEADER
fixed length control field 00704 a2200193 4500
003 - CONTROL NUMBER IDENTIFIER
control field NUST
005 - DATE AND TIME OF LATEST TRANSACTION
control field 20171121130712.0
008 - FIXED-LENGTH DATA ELEMENTS--GENERAL INFORMATION
fixed length control field 160518b xxu||||| |||| 00| 0 eng d
020 ## - INTERNATIONAL STANDARD BOOK NUMBER
International Standard Book Number 0
040 ## - CATALOGING SOURCE
Transcribing agency 0
082 ## - DEWEY DECIMAL CLASSIFICATION NUMBER
Classification number 901 SPE
100 ## - MAIN ENTRY--PERSONAL NAME
Personal name HELMUT WERNER
9 (RLIN) 6589
245 ## - TITLE STATEMENT
Title THE DECLINE OF THE WEST
Statement of responsibility, etc. Oswald Spengler
260 ## - PUBLICATION, DISTRIBUTION, ETC.
Place of publication, distribution, etc. ISLAMABAD
Name of publisher, distributor, etc. NATIONAL BOOK FOUNDATION
Date of publication, distribution, etc. 1917
300 ## - PHYSICAL DESCRIPTION
Extent 414+p.
Other physical details HB
500 ## - GENERAL NOTE
General note H.B
942 ## - ADDED ENTRY ELEMENTS (KOHA)
Koha item type Book
Call number prefix IESE
Source of classification or shelving scheme
Holdings
Withdrawn status Lost status Source of classification or shelving scheme Damaged status Not for loan Collection code Permanent Location Current Location Shelving location Date acquired Total Checkouts Full call number Barcode Date last seen Price effective from Koha item type
            Institute of Environmental Science and Engineering (IESE) Institute of Environmental Science and Engineering (IESE) General Stacks 11/21/2017   901 SPE IESE-1695 11/21/2017 11/21/2017 Book
            Institute of Environmental Science and Engineering (IESE) Institute of Environmental Science and Engineering (IESE) General Stacks 11/21/2017   901 SPE IESE-1694 11/21/2017 11/21/2017 Book
© 2023 Central Library, National University of Sciences and Technology. All Rights Reserved.